[Event "Cheliabinsk Lozovatsky Memorial-B"]
[Site "Cheliabinsk"]
[Date "2020.01.23"]
[Round "9"]
[White "Sitnikov, Anton"]
[Black "Scherbakov, Mikhail"]
[Result "1-0"]
[WhiteElo "2406"]
[BlackElo "2232"]
[PlyCount "61"]
[EventDate "2020.01.15"]
[EventType "tourn"]
[EventRounds "9"]
[EventCountry "RUS"]
[EventCategory "3"]
[SourceTitle "CBM 194 Extra"]
[Source "ChessBase"]
[SourceDate "2020.03.31"]
[SourceVersion "1"]
[SourceVersionDate "2020.03.31"]
[SourceQuality "1"]

1. e4 c5 2. Nc3 Nc6 3. Bb5 e6 4. Bxc6 bxc6 5. d3 Ne7 6. f4 Ng6 7. Nh3 Be7 8. Qh5 0-0 9. Ng5 Bxg5 10. fxg5 f5 11. gxf6 Qxf6 12. Be3 d6 13. 0-0-0 e5 14. Qg5 Qxg5 15. Bxg5 h6 16. Be3 Bg4 17. Rdf1 Rxf1+ 18. Rxf1 Rf8 19. Rxf8+ Nxf8 20. a3 Nd7 21. b4 cxb4 22. axb4 Nb6 23. Bxb6 axb6 24. b5 Bd7 25. Na4 cxb5 26. Nxb6 Be6 27. Kb2 Kf7 28. Kc3 Ke7 29. Kb4 Ba2 30. Nd5+ Ke6 31. Nc3 1-0

[Event "Cheliabinsk Lozovatsky Memorial-B"]
[Site "Cheliabinsk"]
[Date "2020.01.22"]
[Round "8"]
[White "Scherbakov, Mikhail"]
[Black "Ansat, Aldiyar"]
[Result "1-0"]
[WhiteElo "2232"]
[BlackElo "2263"]
[PlyCount "179"]
[EventDate "2020.01.15"]
[EventType "tourn"]
[EventRounds "9"]
[EventCountry "RUS"]
[EventCategory "3"]
[SourceTitle "CBM 194 Extra"]
[Source "ChessBase"]
[SourceDate "2020.03.31"]
[SourceVersion "1"]
[SourceVersionDate "2020.03.31"]
[SourceQuality "1"]

1. e4 c5 2. Nf3 d6 3. Bb5+ Nd7 4. c3 Ngf6 5. Qe2 a6 6. Ba4 b5 7. Bc2 e5 8. 0-0 Be7 9. d4 0-0 10. Re1 Qc7 11. dxe5 dxe5 12. a4 Rb8 13. axb5 axb5 14. b3 Rd8 15. Na3 Ba6 16. Bd3 c4 17. bxc4 Bxa3 18. Bxa3 bxc4 19. Bc2 Bb7 20. Be7 Rdc8 21. Rad1 Ne8 22. Bb4 Ra8 23. Ra1 Nef6 24. Nd2 h6 25. Rxa8 Bxa8 26. Ra1 Bb7 27. Ra7 Qb8 28. Ra5 Nb6 29. Qe3 Nfd7 30. f3 Rc6 31. Qf2 Qd8 32. Nf1 Re6 33. Qd2 Qh4 34. Bd1 Bc6 35. Be2 Rg6 36. Ne3 Kh7 37. Nxc4 Nxc4 38. Bxc4 Qf6 39. Qe3 h5 40. Ra6 Nb8 41. Ra2 h4 42. h3 Bd7 43. Kh2 Rg3 44. Rf2 Nc6 45. Bb5 Qg6 46. Bxc6 Qxc6 47. Qd2 Qb6 48. c4 Bc8 49. Bd6 f6 50. f4 Rg6 51. fxe5 fxe5 52. Bxe5 Qe6 53. Qd5 Bb7 54. Qd4 Rg5 55. Bf4 Rg6 56. Re2 Ba6 57. Rc2 Bb7 58. e5 Bc6 59. Qd8 Rh6 60. Rf2 Rh5 61. Qd3+ Rf5 62. c5 Bd5 63. Rd2 Ba8 64. Ra2 Bc6 65. Ra6 g6 66. Ra7+ Rf7 67. Qd6 Bd5 68. Rxf7+ Qxf7 69. Qf6 Qb7 70. Qxh4+ Kg8 71. Qf6 Qc6 72. Qd8+ Kf7 73. Bg5 Qe6 74. Qc7+ Ke8 75. Qd6 Kf7 76. Bh6 Ke8 77. Bg5 Kf7 78. Qc7+ Ke8 79. Bf6 Qd7 80. Qd6 Qe6 81. g4 Kf7 82. Qc7+ Ke8 83. Kg3 Qd7 84. Qd6 Qb7 85. Kh4 Kf7 86. Kg5 Be6 87. c6 Qa7 88. Qd3 Qc5 89. Qxg6+ Kf8 90. Bg7+ 1-0

[Event "Cheliabinsk Lozovatsky Memorial-B"]
[Site "Cheliabinsk"]
[Date "2020.01.19"]
[Round "5"]
[White "Scherbakov, Mikhail"]
[Black "Somkin, Kirill"]
[Result "0-1"]
[WhiteElo "2232"]
[BlackElo "2121"]
[PlyCount "57"]
[EventDate "2020.01.15"]
[EventType "tourn"]
[EventRounds "9"]
[EventCountry "RUS"]
[EventCategory "3"]
[SourceTitle "CBM 194 Extra"]
[Source "ChessBase"]
[SourceDate "2020.03.31"]
[SourceVersion "1"]
[SourceVersionDate "2020.03.31"]
[SourceQuality "1"]

1. e4 e5 2. Nf3 Nc6 3. Bb5 a6 4. Ba4 b5 5. Bb3 Na5 6. Bxf7+ Kxf7 7. Nxe5+ Ke7 8. d4 d6 9. Bg5+ Nf6 10. Nc3 Bb7 11. Qf3 Qe8 12. 0-0-0 Kd8 13. Bxf6+ gxf6 14. Qxf6+ Kc8 15. f4 Be7 16. Qf5+ Kb8 17. Nd7+ Ka7 18. Nxb5+ axb5 19. Qxb5 Ba6 20. Qxa5 Qxd7 21. h3 Rhb8 22. Rhe1 d5 23. Qxd5 Qa4 24. Re3 Bc4 25. Qe5 Bd6 26. Qg7 Bxf4 27. Rde1 Rg8 28. Qf6 Rxg2 29. Qg7 0-1

[Event "RUS-chT blitz"]
[Site "Sochi"]
[Date "2016.10.07"]
[Round "13.2"]
[White "Pridorozhni, Aleksei"]
[Black "Scherbakov, Mikhail"]
[Result "1-0"]
[WhiteElo "2579"]
[BlackElo "2188"]
[PlyCount "84"]
[EventDate "2016.10.07"]
[EventType "team-swiss (blitz)"]
[EventRounds "15"]
[EventCountry "RUS"]
[SourceTitle "EXT 2017"]
[Source "ChessBase"]
[SourceDate "2016.10.25"]
[SourceVersion "1"]
[SourceVersionDate "2016.10.25"]
[SourceQuality "1"]
[WhiteTeam "Malachite Sverdlovsk Region"]
[BlackTeam "Cheliabinsk Spassky"]
[WhiteTeamCountry "RUS"]
[BlackTeamCountry "RUS"]

1. e4 c5 2. Nc3 Nc6 3. Bb5 g6 4. Bxc6 bxc6 5. d3 Bg7 6. f4 d6 7. Nf3 Nf6 8. 0-0 0-0 9. Qe1 Rb8 10. h3 Qc7 11. b3 Re8 12. Bd2 Nd7 13. Rd1 e5 14. f5 Nf8 15. g4 f6 16. Na4 g5 17. h4 h6 18. c4 Kf7 19. Kg2 Nd7 20. Rh1 Nb6 21. Nc3 Bd7 22. Ne2 Rh8 23. Ng3 Rbg8 24. Rh2 Be8 25. Qe2 Kf8 26. Rdh1 Nc8 27. Qe1 Qd7 28. Kf2 Qe7 29. Ke2 Qd7 30. Qf1 Qe7 31. Qc1 Bf7 32. Qa3 Nb6 33. Qa6 Qc7 34. Be3 Ke7 35. Kd2 Ra8 36. Kc2 Qc8 37. Qxc8 Raxc8 38. Bd2 Rcg8 39. a3 Kd7 40. Be3 Kc7 41. Ra1 Ra8 42. b4 cxb4 1-0

[Event "RUS-chT blitz"]
[Site "Sochi"]
[Date "2016.10.07"]
[Round "12.1"]
[White "Scherbakov, Mikhail"]
[Black "Popov, Ivan1111"]
[Result "0-1"]
[WhiteElo "2188"]
[BlackElo "2596"]
[PlyCount "64"]
[EventDate "2016.10.07"]
[EventType "team-swiss (blitz)"]
[EventRounds "15"]
[EventCountry "RUS"]
[SourceTitle "EXT 2017"]
[Source "ChessBase"]
[SourceDate "2016.10.25"]
[SourceVersion "1"]
[SourceVersionDate "2016.10.25"]
[SourceQuality "1"]
[WhiteTeam "Cheliabinsk Spassky"]
[BlackTeam "Moscow SHSM Legacy"]
[WhiteTeamCountry "RUS"]
[BlackTeamCountry "RUS"]

1. e4 g6 2. d4 Bg7 3. Nc3 d6 4. f4 a6 5. Nf3 b5 6. Bd3 Nd7 7. 0-0 c5 8. e5 cxd4 9. Be4 dxc3 10. Bxa8 Qb6+ 11. Kh1 dxe5 12. fxe5 Nxe5 13. b3 Nd7 14. Qe2 Ngf6 15. Be3 Qb8 16. Bc6 0-0 17. Bd4 e6 18. Ne5 Qc7 19. Nxd7 Nxd7 20. Bxg7 Kxg7 21. Bf3 e5 22. Rad1 f5 23. Bd5 Nf6 24. b4 e4 25. Bb3 Ng4 26. g3 e3 27. Bd5 Nf2+ 28. Rxf2 exf2 29. Qxf2 Qe5 30. Qc5 Rd8 31. Rd3 Rxd5 32. Rxd5 Bb7 0-1

[Event "RUS-chT rapid"]
[Site "Sochi"]
[Date "2016.10.05"]
[Round "1.5"]
[White "Levin, Evgeny A"]
[Black "Scherbakov, Mikhail"]
[Result "1-0"]
[WhiteElo "2505"]
[BlackElo "2188"]
[PlyCount "101"]
[EventDate "2016.10.05"]
[EventType "team-swiss (rapid)"]
[EventRounds "9"]
[EventCountry "RUS"]
[SourceTitle "EXT 2017"]
[Source "ChessBase"]
[SourceDate "2016.10.25"]
[SourceVersion "1"]
[SourceVersionDate "2016.10.25"]
[SourceQuality "1"]
[WhiteTeam "St Petersburg SDYUSSHOR"]
[BlackTeam "Cheliabinsk Spassky"]
[WhiteTeamCountry "RUS"]
[BlackTeamCountry "RUS"]

1. d4 Nf6 2. c4 e5 3. dxe5 Ng4 4. Bf4 g5 5. Bg3 Bg7 6. Nf3 Nc6 7. Nc3 Ngxe5 8. Nxe5 Nxe5 9. e3 d6 10. h4 g4 11. h5 h6 12. Be2 Be6 13. Rc1 c6 14. Bh4 f6 15. 0-0 0-0 16. Ne4 Qe8 17. Bg3 Rd8 18. Nxd6 Qxh5 19. c5 f5 20. f4 gxf3 21. Bxf3 Nxf3+ 22. Qxf3 Qxf3 23. gxf3 Bf6 24. Bf4 Kh7 25. Rc2 Rd7 26. Rh2 Rg8+ 27. Kf2 Rg6 28. Rg1 Bg7 29. a3 a5 30. b4 a4 31. Rxg6 Kxg6 32. e4 fxe4 33. fxe4 Bg4 34. Ke3 Re7 35. Rg2 h5 36. Nf5 Rd7 37. Nh4+ Kf7 38. Bd6 Ke6 39. Ng6 Rf7 40. Nf4+ Kf6 41. e5+ Kg5 42. e6 Rxf4 43. Bxf4+ Kf6 44. Be5+ Kxe5 45. Rxg4 Bf8 46. Re4+ Kf6 47. Rf4+ Ke7 48. Rf7+ Ke8 49. Rxb7 Bh6+ 50. Ke4 Bc1 51. b5 1-0

[Event "RUS-chT2"]
[Site "Sochi"]
[Date "2016.05.10"]
[Round "9.7"]
[White "Scherbakov, Mikhail"]
[Black "Moskalenko, Alexander"]
[Result "0-1"]
[WhiteElo "2139"]
[BlackElo "2464"]
[PlyCount "52"]
[EventDate "2016.05.01"]
[EventType "team-swiss"]
[EventRounds "9"]
[EventCountry "RUS"]
[SourceTitle "EXT 2018"]
[Source "ChessBase"]
[SourceDate "2017.10.13"]
[SourceVersion "1"]
[SourceVersionDate "2017.10.13"]
[SourceQuality "1"]
[WhiteTeam "Satka Vertical"]
[BlackTeam "Moscow Region"]
[WhiteTeamCountry "RUS"]
[BlackTeamCountry "RUS"]

1. e4 c6 2. d4 d5 3. Nc3 dxe4 4. Nxe4 Nd7 5. Bc4 Ngf6 6. Nxf6+ Nxf6 7. c3 Qc7 8. Qb3 e6 9. Nf3 Bd6 10. 0-0 Bd7 11. a4 0-0 12. Re1 c5 13. Bg5 Bc6 14. Bxf6 Bxf3 15. Be5 Bxe5 16. Rxe5 cxd4 17. cxd4 Bc6 18. Rd1 Rfd8 19. Rh5 Qf4 20. Qd3 g6 21. Rh3 Bxa4 22. Rf3 Qg4 23. h3 Qh4 24. g3 Qxh3 25. Re1 Bc6 26. d5 Bxd5 0-1

[Event "Zudov Memorial 10th"]
[Site "Nizhnij Tagil"]
[Date "2014.09.14"]
[Round "4"]
[White "Scherbakov, Mikhail"]
[Black "Solovjev, Nikolay1111"]
[Result "0-1"]
[WhiteElo "1988"]
[BlackElo "2311"]
[PlyCount "98"]
[EventDate "2014.09.11"]
[EventType "swiss"]
[EventRounds "9"]
[EventCountry "RUS"]
[SourceTitle "CBM 162 Extra"]
[Source "ChessBase"]
[SourceDate "2014.10.17"]
[SourceVersion "1"]
[SourceVersionDate "2014.10.17"]
[SourceQuality "1"]

1. e4 c5 2. Nf3 Nc6 3. Bb5 Qc7 4. 0-0 d6 5. h3 Nf6 6. Re1 Bd7 7. c3 a6 8. Bf1 e5 9. d4 Be7 10. d5 Nb8 11. Nh2 Bc8 12. f4 Nbd7 13. Nf3 exf4 14. Bxf4 0-0 15. c4 Ne5 16. Nxe5 dxe5 17. Bh2 Ne8 18. Nc3 Bf6 19. Bd3 g6 20. Rf1 Bg7 21. Qe2 Nd6 22. a3 Bd7 23. Kh1 Rae8 24. b4 cxb4 25. axb4 Nxc4 26. Bxc4 Rc8 27. Bxa6 bxa6 28. Rfc1 Bh6 29. Qxa6 Bxc1 30. Rxc1 f5 31. Ne2 Qb8 32. Rxc8 Qxc8 33. Qd6 Bb5 34. Ng1 fxe4 35. Qxe5 Re8 36. Qd4 Qc4 37. Qc5 Ra8 38. Qe7 Re8 39. Qc5 Qxc5 40. bxc5 Bc4 41. d6 Bb5 42. Ne2 e3 43. Bg3 Rc8 44. Bf4 Rf8 45. Bg5 h6 46. Bxh6 Rf1+ 47. Kh2 Bxe2 48. d7 Rd1 49. c6 Bb5 0-1

[Event "Pardubice op rap 25th"]
[Site "Pardubice"]
[Date "2014.07.17"]
[Round "4"]
[White "Scherbakov, Mikhail"]
[Black "Jezbera, Jiri"]
[Result "1-0"]
[WhiteElo "1854"]
[BlackElo "2200"]
[PlyCount "81"]
[EventDate "2014.07.16"]
[EventType "swiss (rapid)"]
[EventRounds "9"]
[EventCountry "CZE"]
[SourceTitle "EXT 2015"]
[Source "ChessBase"]
[SourceDate "2014.11.20"]
[SourceVersion "1"]
[SourceVersionDate "2014.11.20"]
[SourceQuality "1"]

1. e4 c5 2. Nf3 e6 3. d4 cxd4 4. Nxd4 Nf6 5. Nc3 Bb4 6. e5 Ne4 7. Qg4 Nxc3 8. Qxg7 Rf8 9. a3 Nb5+ 10. axb4 Nxd4 11. Bg5 Qb6 12. Bh6 Qxb4+ 13. c3 Nf5 14. cxb4 Nxg7 15. Bxg7 Rg8 16. Bf6 Nc6 17. Bd3 h6 18. b5 Nb4 19. Be4 Rg4 20. f3 Rxe4+ 21. fxe4 Nc2+ 22. Kf2 Nxa1 23. Rxa1 d6 24. exd6 Bd7 25. Ra3 Bxb5 26. Rh3 Kd7 27. e5 Rc8 28. Rxh6 Bd3 29. Ke3 Bg6 30. Rh4 Rc2 31. Rb4 b6 32. Kf3 Bd3 33. h4 b5 34. Rb3 Bc4 35. Ra3 Kc6 36. Rxa7 Rd2 37. b4 Kb6 38. Rxf7 Rd3+ 39. Kf4 Rd4+ 40. Kg5 Be2 41. d7 1-0

[Event "Satka Summer op"]
[Site "Satka"]
[Date "2014.07.02"]
[Round "1"]
[White "Scherbakov, Mikhail"]
[Black "Vaseptsov, Maxim"]
[Result "0-1"]
[WhiteElo "1854"]
[BlackElo "2215"]
[PlyCount "34"]
[EventDate "2014.07.02"]
[EventType "swiss"]
[EventRounds "9"]
[EventCountry "RUS"]
[SourceTitle "CBM 161 Extra"]
[Source "ChessBase"]
[SourceDate "2014.08.29"]
[SourceVersion "1"]
[SourceVersionDate "2014.08.29"]
[SourceQuality "1"]

1. e4 e5 2. Nf3 Nc6 3. Bb5 a6 4. Ba4 Nge7 5. Bb3 d5 6. Ng5 Nd4 7. 0-0 Ng6 8. d3 h6 9. Nf3 Bg4 10. Nbd2 Nh4 11. h3 Nhxf3+ 12. Nxf3 Nxf3+ 13. gxf3 Bxh3 14. Re1 Bc5 15. exd5 Qh4 16. Rxe5+ Kf8 17. Kh2 Bxf2 0-1

[Event "Satka-ch Rating"]
[Site "Satka"]
[Date "2013.12.14"]
[Round "4"]
[White "Fokin, Andrey"]
[Black "Scherbakov, Mikhail"]
[Result "0-1"]
[WhiteElo "2074"]
[BlackElo "1785"]
[PlyCount "84"]
[EventDate "2013.12.09"]
[EventType "swiss"]
[EventRounds "9"]
[EventCountry "RUS"]
[SourceTitle "EXT 2016"]
[Source "ChessBase"]
[SourceDate "2015.10.08"]
[SourceVersion "1"]
[SourceVersionDate "2015.10.08"]
[SourceQuality "1"]

1. d4 Nf6 2. c4 c5 3. d5 b5 4. cxb5 a6 5. b6 a5 6. Nc3 Ba6 7. Qa4 Qxb6 8. g3 Qb4 9. Bg2 Qxa4 10. Nxa4 d6 11. Nb6 Ra7 12. Bd2 Nbd7 13. Bxa5 Nxb6 14. Bxb6 Rb7 15. Ba5 Rxb2 16. Bc3 Rc2 17. Bxf6 gxf6 18. Kd1 Rb2 19. Kc1 Rb8 20. Rb1 Kd7 21. Rxb8 Bh6+ 22. e3 Rxb8 23. Nf3 f5 24. Bf1 Bxf1 25. Rxf1 Bg7 26. Rd1 Bb2+ 27. Kc2 Bf6 28. Rd2 e6 29. dxe6+ fxe6 30. Kd3 d5 31. Ne1 c4+ 32. Ke2 Kd6 33. f4 Bc3 34. Rc2 Bxe1 35. Kxe1 Kc5 36. Ke2 Rb1 37. a3 Ra1 38. Rc3 Ra2+ 39. Kf3 d4 40. exd4+ Kxd4 41. Re3 c3 42. Rxe6 c2 0-1

[Event "Satka-ch Rating"]
[Site "Satka"]
[Date "2013.12.11"]
[Round "2"]
[White "Simakova, Elena"]
[Black "Scherbakov, Mikhail"]
[Result "0-1"]
[WhiteElo "1678"]
[BlackElo "1785"]
[PlyCount "88"]
[EventDate "2013.12.09"]
[EventType "swiss"]
[EventRounds "9"]
[EventCountry "RUS"]
[SourceTitle "EXT 2016"]
[Source "ChessBase"]
[SourceDate "2015.10.08"]
[SourceVersion "1"]
[SourceVersionDate "2015.10.08"]
[SourceQuality "1"]

1. e4 c5 2. Nf3 Nc6 3. d4 cxd4 4. Nxd4 g6 5. c4 Nf6 6. Nc3 d6 7. Be2 Nxd4 8. Qxd4 Bg7 9. Be3 Be6 10. 0-0 0-0 11. Qd2 a5 12. b3 a4 13. f3 Nd7 14. Bd4 Bxd4+ 15. Qxd4 axb3 16. axb3 Rxa1 17. Rxa1 Nc5 18. Ra3 Qb6 19. Nd5 Bxd5 20. cxd5 Rc8 21. b4 Nd7 22. Qxb6 Nxb6 23. Ra7 Rc7 24. Bb5 Nc8 25. Ra8 Kg7 26. Kf2 f5 27. g4 fxg4 28. fxg4 Kf6 29. Ke3 Kg5 30. Rb8 Nb6 31. Rh8 h6 32. Rg8 Nc4+ 33. Kd4 Ne5 34. h3 Rc1 35. Rf8 Rb1 36. Kc3 Rh1 37. Bf1 Rg1 38. Rf2 Rg3+ 39. Kc2 Rf3 40. Rxf3 Nxf3 41. Kd3 Kf4 42. Bg2 Kg3 43. Bxf3 Kxf3 44. Kc4 Kxe4 0-1

[Event "Khanty-Mansiysk Governor Cup-B 9th"]
[Site "Khanty-Mansiysk"]
[Date "2013.12.05"]
[Round "8"]
[White "Scherbakov, Mikhail"]
[Black "Vorobiov, Nikolai"]
[Result "1-0"]
[WhiteElo "1785"]
[BlackElo "1994"]
[PlyCount "47"]
[EventDate "2013.11.28"]
[EventType "swiss"]
[EventRounds "9"]
[EventCountry "RUS"]
[SourceTitle "CBM 157 Extra"]
[Source "ChessBase"]
[SourceDate "2013.12.19"]
[SourceVersion "1"]
[SourceVersionDate "2013.12.19"]
[SourceQuality "1"]

1. e4 b6 2. d4 e6 3. Bd3 Bb7 4. Nf3 c5 5. c3 Nf6 6. Qe2 c4 7. Bc2 b5 8. 0-0 d6 9. Re1 Nbd7 10. a4 a6 11. Nbd2 e5 12. b3 exd4 13. cxd4 c3 14. Nf1 Be7 15. Ng3 0-0 16. Nf5 Re8 17. Bf4 Nf8 18. e5 Nd5 19. Bg3 Nb4 20. exd6 Bf6 21. Ne7+ Kh8 22. Ne5 Bxe5 23. dxe5 Ne6 24. Bxh7 1-0

[Event "Khanty-Mansiysk Governor Cup-B 9th"]
[Site "Khanty-Mansiysk"]
[Date "2013.12.03"]
[Round "6"]
[White "Scherbakov, Mikhail"]
[Black "Sidorov, Gennady"]
[Result "1-0"]
[WhiteElo "1785"]
[BlackElo "1863"]
[PlyCount "71"]
[EventDate "2013.11.28"]
[EventType "swiss"]
[EventRounds "9"]
[EventCountry "RUS"]
[SourceTitle "CBM 157 Extra"]
[Source "ChessBase"]
[SourceDate "2013.12.19"]
[SourceVersion "1"]
[SourceVersionDate "2013.12.19"]
[SourceQuality "1"]

1. e4 c5 2. Nf3 Nc6 3. d4 cxd4 4. Nxd4 e5 5. Nb5 d6 6. N1c3 a6 7. Na3 Nf6 8. Bg5 Be7 9. Bxf6 Bxf6 10. Nd5 Bg5 11. Be2 0-0 12. 0-0 b5 13. c4 b4 14. Nc2 a5 15. Qd3 f5 16. Bf3 Ra7 17. exf5 Bxf5 18. Be4 g6 19. Bxf5 gxf5 20. f4 Bf6 21. Nde3 Ne7 22. fxe5 dxe5 23. Qxd8 Rxd8 24. Nxf5 Nxf5 25. Rxf5 Rd2 26. Rf2 Rad7 27. Re1 Bg7 28. b3 Rxf2 29. Kxf2 Rd2+ 30. Re2 Rxe2+ 31. Kxe2 Kf7 32. Ke3 Ke6 33. Ke4 Bf8 34. Ne1 Kd6 35. Nd3 Bg7 36. Kf5 1-0

[Event "Khanty-Mansiysk Governor Cup-B 9th"]
[Site "Khanty-Mansiysk"]
[Date "2013.12.02"]
[Round "5"]
[White "Lichkun, Denis"]
[Black "Scherbakov, Mikhail"]
[Result "1/2-1/2"]
[WhiteElo "1991"]
[BlackElo "1785"]
[PlyCount "39"]
[EventDate "2013.11.28"]
[EventType "swiss"]
[EventRounds "9"]
[EventCountry "RUS"]
[SourceTitle "CBM 157 Extra"]
[Source "ChessBase"]
[SourceDate "2013.12.19"]
[SourceVersion "1"]
[SourceVersionDate "2013.12.19"]
[SourceQuality "1"]

1. d4 Nf6 2. c4 c5 3. d5 e6 4. Nc3 exd5 5. cxd5 d6 6. Nf3 g6 7. e4 a6 8. a4 Bg4 9. h3 Bxf3 10. gxf3 Bg7 11. Bg2 0-0 12. 0-0 Nh5 13. Qb3 b6 14. f4 Nd7 15. Ne2 Qh4 16. Be3 Rae8 17. Qc4 f5 18. Qxa6 Bxb2 19. Rab1 Bg7 20. a5 1/2-1/2

[Event "Satka-ch"]
[Site "Satka"]
[Date "2012.12.22"]
[Round "1"]
[White "Looshnikov, Nikolai"]
[Black "Scherbakov, Mikhail"]
[Result "1-0"]
[WhiteElo "2498"]
[BlackElo "1770"]
[PlyCount "99"]
[EventDate "2012.12.22"]
[EventType "swiss"]
[EventRounds "9"]
[EventCountry "RUS"]
[SourceTitle "CBM 152 Extra"]
[Source "ChessBase"]
[SourceDate "2013.02.25"]
[SourceVersion "1"]
[SourceVersionDate "2013.02.25"]
[SourceQuality "1"]

1. e4 c5 2. Nf3 g6 3. d4 cxd4 4. Qxd4 Nf6 5. Bb5 a6 6. Ba4 b5 7. e5 Nc6 8. Qh4 Nxe5 9. Nxe5 bxa4 10. 0-0 Bg7 11. Re1 0-0 12. Nc3 Bb7 13. Qxa4 Qc7 14. Bg5 d6 15. Nd3 Bc6 16. Qh4 Qb7 17. f3 Rfe8 18. Re2 Ra7 19. Rae1 Qd7 20. Nd1 h5 21. N1f2 Qf5 22. Bd2 Nd5 23. c4 Bf6 24. Qe4 Nc3 25. Qxc6 Nxe2+ 26. Rxe2 Rc8 27. Qe4 Qd7 28. b3 d5 29. cxd5 Qb5 30. Nb4 Rd7 31. a4 Qc5 32. Nxa6 Qxd5 33. Qxd5 Rxd5 34. Nb4 Rd7 35. Kf1 Bc3 36. Nbd3 Bxd2 37. Rxd2 Rb8 38. Rb2 Rd4 39. Ke2 e5 40. Ke3 f6 41. Ne4 Kf7 42. a5 g5 43. b4 g4 44. a6 gxf3 45. gxf3 Ke6 46. b5 f5 47. Nec5+ Kd5 48. a7 f4+ 49. Kf2 Rg8 50. Ra2 1-0